Movies Quiz

Random Movies or Director Quiz

Edgar Wright Movies Quiz Stats

 Plays Quiz not verified by Sporcle

Score 0/6 Timer 04:00
1 Play Today
Year Movie % Correct
2007Hot Fuzz
97.3%
2017Baby Driver
94.6%
2004Shaun of the Dead
91.9%
2010Scott Pilgrim vs. the World
91.9%
2013The World's End
83.8%
1995A Fistful of Fingers
37.8%

You're not logged in!

Compare scores with friends on all Sporcle quizzes.
OR
Log In

Sporcle TV

Today on Sporcle TV


Watch our educational content, quiz creation guides, and fun videos on Sporcle TV.

Show Comments

Extras

Top Quizzes Today


Score Distribution

Your Account Isn't Verified!

In order to create a playlist on Sporcle, you need to verify the email address you used during registration. Go to your Sporcle Settings to finish the process.

Report this User

Report this user for behavior that violates our Community Guidelines.

Details: